Same Name U.S. Cities Challenge II Quiz Stats

 Plays Quiz Updated Oct 4, 2015

Challenge
Share
Tweet
Embed
Score 0/25 Timer 05:00
3 Plays Today
City A A / B % Correct
Gainesville, Florida???
82.8%
Arlington, Washington???
80.5%
Charleston, South Carolina???
78.7%
Albany, Georgia???
78.6%
Dover, Delaware???
76.7%
Franklin, Tennessee???
74.2%
Apple Valley, California???
69.8%
Quincy, Illinois???
64.2%
St. Cloud, Florida???
61.8%
Texarkana, Arkansas???
60.7%
Greenville, North Carolina???
58%
Bowling Green, Kentucky???
57%
Roswell, Georgia???
55.3%
City A A / B % Correct
Troy, Michigan???
52.1%
San Marcos, California???
51.4%
Warren, Michigan???
50.9%
Mansfield, Ohio???
48.5%
O'Fallon, Illinois???
48.4%
Newark, Delaware???
43.3%
Union City, California???
41.1%
Manchester, Tennessee???
37.9%
Bloomington, Illinois???
36.7%
Concord, New Hampshire???
35.5%
Westminster, California???
33%
Meridian, Idaho???
30.8%

You're not logged in!

Compare scores with friends on all Sporcle quizzes.
OR
Log In

You Might Also Like...

Show Comments

Extras

Top Quizzes Today


Score Distribution

Your Account Isn't Verified!

In order to create a playlist on Sporcle, you need to verify the email address you used during registration. Go to your Sporcle Settings to finish the process.

Report this User

Report this user for behavior that violates our Community Guidelines.

Details: